Štatistická ročenka Slovenskej republiky 2002 = Statistical Yearbook of the Slovak Republik 2002

Gespeichert in:
Bibliographische Detailangaben
Format: Buch
Sprache:Slowakisch
Veröffentlicht: Bratislava : Veda, 2002
Ausgabe:1. vyd.
Schlagworte:
Online-Zugang:OBSAH
Tags: Tag hinzufügen
Keine Tags, Fügen Sie das erste Tag hinzu!

MARC

LEADER 00000nam a22000003a 4500
001 stu79160
005 20150408161658.9
008 030221s2002----xo------------------slo-d
020 |a 80-224-0742-9 
040 |a STU  |b slo 
041 0 |a slo 
044 |a xo 
080 |a 311(058) 
245 |a Štatistická ročenka Slovenskej republiky 2002 = Statistical Yearbook of the Slovak Republik 2002 
250 |a 1. vyd. 
260 |a Bratislava :  |b Veda,  |c 2002 
300 |a 727 s  |c CD-ROM 
650 7 |a Štatistika slovenská  |2 stusub 
856 4 |a https://sweb.mtf.stuba.sk/obsahy/statisticka_rocenka_02  |u https://sweb.mtf.stuba.sk/obsahy/statisticka_rocenka_02  |3 OBSAH 
996 |b 284M039442  |c M*9192/2002-1  |l MMKN  |s A  |a 24  |w stu79160_0001 
996 |b 284EK84809  |c R*84809  |l RRUM  |s A  |a 24  |w stu79160_0002 
996 |b 284J010746  |c J*100594  |l JJSK  |s A  |a 24  |w stu79160_0003 
996 |b 284J010745  |c J*100593  |l JJST  |s P  |a 0  |w stu79160_0004 
996 |b 284EK84851  |c E*84851  |l EE0101  |s P  |a 0  |w stu79160_0005